banner-ar

البيان والتبين واهم الرسائل / (Record no. 54837)

MARC details
000 -الفاتح
حقل البيانات ثابتة الطول 00654nam a2200205Ia 4500
008 - عناصر البيانات ثابتة الطول - معلومات عامة
حقل البيانات ثابتة الطول 140319s9999 xx 000 0 ara d
040 ## - مصدر الفهرسة
وكالة الفهرسة الأصلية GCL /
وكالة النسخ GCL
082 04 - رقم تصنيف ديوى العشرى
رقم التصنيف 819
رقم المادة ا ا
100 1# - المدخل الرئيسى - إسم شخصى
الإسم الشخصى جميل جبر
245 10 - بيان العنوان
العنوان البيان والتبين واهم الرسائل /
بيان المسئوليه,etc جميل جبر
700 1# - المدخل الاضافى - اسم شخصى
الإسم الشخصى الجاحظ : ابوعثمان عمرو بن بحر محبوب
260 ## - PUBLICATION, DISTRIBUTION, ETC. (IMPRINT)
تاريخ النشر أو التوزيع 1992
300 ## - الوصف المادى
التعداد 191 ص
490 ## - بيان السلسلة
عنوان السلسلة المجموعة الادبية
رقم المجلد/ التعيين التسلسلي 0
650 04 - المدخل الاضافى بالموضوع-مصطلح موضوعى
مصطلح موضوعي الرسائل العربية
650 04 - المدخل الاضافى بالموضوع-مصطلح موضوعى
مصطلح موضوعي البلاغة العربية
650 04 - المدخل الاضافى بالموضوع-مصطلح موضوعى
مصطلح موضوعي البيان
942 ## - عناصر المدخل الإضافي( كوها)
مصدر التصنيف او مخطط الترفيف Dewey Decimal Classification
Koha [default] item type كتاب
260 ## - PUBLICATION, DISTRIBUTION, ETC. (IMPRINT)
-- [S.N] :
-- دار المشرق ،
Holdings
حالة التراجع حالة الفقد حالة تلف ليس للاعارة المكان المؤقت الموقع الحالى تاريخ الاكتساب اجمالي اﻻعارات رقم الطلب الباركود تاريخ اخر مشاهدة تاريخ تفعيل السعر نوع وعاء كوها
        مكتبة القاهرة الكبرى مكتبة القاهرة الكبرى 03/26/2014   819\ا ا 131831 03/26/2014 03/26/2014 كتاب

Powered By

EGPV